| 000 | 00469cam a2200181ua 4500 | ||
|---|---|---|---|
| 001 | 10778 | ||
| 008 | 190403n ii |||gr||||Z||||||eng | ||
| 020 | _a9789380801384 | ||
| 040 | _cMAIN | ||
| 082 | _a361.954 | ||
| 100 |
_aR N Tripathi, _eAuthor. |
||
| 245 |
_aIndian social problems _cBy R N Tripathi |
||
| 250 | _a1st ed. | ||
| 260 |
_aNew Delhi: _bDPS publication, _c2011. |
||
| 300 | _a245p. | ||
| 653 | _aSocial problems & social welfare in general | ||
| 942 | _cBK | ||
| 999 |
_c9740 _d9740 |
||